000 00724cam a2200169 4500
001 X107037
008 000000n2000 000 0 eng u
035 _a(Sirsi) u107037
245 _aR v Planning Inspectorate Cardiff
260 _c2000
490 _aNew Property Cases
_v[2000] NPC 68 (17/06/2000)
520 _aQBD 15 June 2000. The jurisdiction of the Court to follow the 'just' route is excluded by para 12 of sch.15 of the Wildlife and Access to the Countryside Act 1981. HEADNOTE FROM JOURNAL - DO NOT PHOTOCOPY.
650 _aR V CARDIFF PLANNING INSPECTORATE
650 _aWILDLIFE AND ACCESS TO THE COUNTRYSIDE ACT 1981
690 _aENVIRONMENTAL AND LAND CONSULTANCY-PLANNING AND DEVELOPMENT
942 _n0
999 _c64005
_d64005